Tetris Block Names - Statistics

General Stats
  • This quiz has been taken 765 times
  • The average score is 6 of 7
Answer Stats
Answer % Correct
L
98%
S
96%
I
94%
T
94%
O
90%
Z
90%
J
85%
No matching quizzes found
Score Distribution
Percent of People with Each Score
Percentile by Number Answered
Your Score History
You have not taken this quiz